000
00173nam a2200085 4500
001
1240353
005
20251008155150.0
245
_a
ALAYCI KUŞ
_c
SUZANNE COLLINS
260
_b
DEX
999
_c
1240353
_d
1240353